000 00906nam a2200253Ia 4500
003 GCL
005 20240530095627.0
008 140319s9999 xx 000 0 ara d
020 _a4315062977
040 _aGCL /
_cGCL
082 0 4 _a305.42
_bق/ل س
100 1 _aلوسى يعقوب
245 1 0 _aسوزان مبارك :
_bصانعة النهضة الجديدة للمرأة المصرية /
_cلوسى يعقوب
250 _aالاولى
260 _aالقاهرة :
_bدار الحرية للصحافة والطباعة والنشر ،
_c2003
300 _a262 ص ؛
_c19 سم
490 _aكتاب الحرية
_v48
650 0 4 _aحقوق الانسان
650 0 4 _aالمرأة فى السياسة
650 0 4 _aالمرأة المصرية
650 0 4 _aالمرأة - احوال اجتماعية
650 0 4 _aالمرأة - الحياة الاجتماعية
942 _2ddc
_cBK
999 _c8970
_d8970